000 00713nam a2200217Ia 4500
001 16680
003 GE_BSU
008 181216s||||||||xx |||||||||||||| ||und||
040 _cGE_BSU
080 _a821.161.1-31
100 _aფედინი, კონსტანტინე
245 _aქალაქები და წლები
245 _bრომანი
245 _cთარგმნა ნ. მიქავამ. რედ.ა.ბეგაშვილი. გ.ღლონტი
260 _aთბილისი
260 _bმერანი
260 _c1975
300 _a413გვ. ; 20სმ
653 _aქალაქები და წლები
942 _cBK
999 _c49745
_d49745